The electrical engineering handbook: Broadcasting and optical communication technology (Record no. 8140)

000 -LEADER
fixed length control field 00874 a2200253 4500
020 ## - INTERNATIONAL STANDARD BOOK NUMBER
International Standard Book Number 0849373387
020 ## - INTERNATIONAL STANDARD BOOK NUMBER
International Standard Book Number 084932274X (set)
024 3# - OTHER STANDARD IDENTIFIER
Standard number or code 9780849373381
024 3# - OTHER STANDARD IDENTIFIER
Standard number or code 9780849322747
035 ## - SYSTEM CONTROL NUMBER
System control number (OCoLC)ocm62134804
040 ## - CATALOGING SOURCE
Original cataloging agency DLC
Language of cataloging DLC
082 00 - DEWEY DECIMAL CLASSIFICATION NUMBER
Classification number 621.382
245 04 - TITLE STATEMENT
Title The electrical engineering handbook: Broadcasting and optical communication technology
Name of part/section of a work Broadcasting and optical communication technology
Statement of responsibility, etc. Richard C. Dorf.
246 30 - VARYING FORM OF TITLE
Title proper/short title Broadcasting and optical communication technology
250 ## - EDITION STATEMENT
Edition statement 3rd ed.
260 ## - PUBLICATION, DISTRIBUTION, ETC.
Place of publication, distribution, etc. Boca Raton, FL :
Name of publisher, distributor, etc. CRC/Taylor & Francis,
Date of publication, distribution, etc. 2006.
300 ## - PHYSICAL DESCRIPTION
Extent 1 v. (various pagings) :
Other physical details ill. ;
Dimensions 26 cm.
440 #4 - SERIES STATEMENT/ADDED ENTRY--TITLE
Title The electrical engineering handbook series
650 #0 - SUBJECT ADDED ENTRY--TOPICAL TERM
Topical term or geographic name entry element Optical communications.
650 #0 - SUBJECT ADDED ENTRY--TOPICAL TERM
Topical term or geographic name entry element Broadcasting.
650 #0 - SUBJECT ADDED ENTRY--TOPICAL TERM
Topical term or geographic name entry element Telecommunication.
700 1# - ADDED ENTRY--PERSONAL NAME
Personal name Dorf, Richard C.
942 ## - ADDED ENTRY ELEMENTS (KOHA)
Koha item type Book
Call number prefix 621.382 DOR
Source of classification or shelving scheme
Holdings
Withdrawn status Lost status Damaged status Not for loan Collection code Permanent Location Current Location Shelving location Date acquired Source of acquisition Cost, normal purchase price Total Checkouts Full call number Barcode Date last seen Price effective from Koha item type
          Central Library (CL) Central Library (CL) General Stacks 06/02/2006 A&J DEF Tek Consultant 5619.82   621.382 DOR SEECS007395 11/14/2012 01/05/2017 Book
© 2023 Central Library, National University of Sciences and Technology. All Rights Reserved.